| 000 | 00725cab a2200241 4500 | ||
|---|---|---|---|
| 001 | ABS59265 | ||
| 008 | 090401t1998 xxu||||| |||| 00| 0 eng d | ||
| 035 | _a(Sirsi) u88767 | ||
| 041 | _aeng | ||
| 100 | _aLeech, A. | ||
| 245 | _aRivalry reigns on | ||
| 260 | _c1998 | ||
| 350 | _a0 | ||
| 490 |
_aHouse Builder _v57(8) September 1998, 61-64(2) |
||
| 520 | _aConsiders the competition between timber and concrete in flooring and seeks housebuilders` reaction to a damp proof course skin cancer scare. | ||
| 650 | _aCONCRETE FLOORING | ||
| 650 | _aDAMP PROOF COURSE | ||
| 650 | _aSKIN CANCER | ||
| 650 | _aTIMBER FLOORING | ||
| 690 | _aBUILT ENVIRONMENT-BUILDING MATERIALS | ||
| 942 | _n0 | ||
| 948 | _c01/10/1998 | ||
| 999 |
_c56120 _d56120 |
||